| 000 | 00374nam a22001577a 4500 | ||
|---|---|---|---|
| 003 | OSt | ||
| 008 | 260218b |||||||| |||| 00| 0 eng d | ||
| 020 | _a9789391818463 | ||
| 082 | _a343.099 CHC | ||
| 100 | _aCHANDER,Harish | ||
| 245 | _aCyber Laws and IT Protection | ||
| 250 | _a2nd Ed | ||
| 260 |
_aNew Delhi _bPHI _c2025 |
||
| 700 | _aKAUR,Gagandeep | ||
| 942 |
_2ddc _cREF |
||
| 999 |
_c13833 _d13833 |
||